The cultural landscape : an introduction to human geography

Zapisane w:
Opis bibliograficzny
1. autor: Rubenstein, James M.
Format: Książka
Język:Undetermined
Wydane: Harlow, England Pearson 2014
Hasła przedmiotowe:
Etykiety: Dodaj etykietę
Nie ma etykietki, Dołącz pierwszą etykiete!
Thư viện lưu trữ: Trung tâm Học liệu Trường Đại học Cần Thơ
LEADER 00557nam a2200205Ia 4500
001 CTU_223907
008 210402s9999 xx 000 0 und d
020 |c 561000 
082 |a 304.2 
082 |b R895 
100 |a Rubenstein, James M. 
245 4 |a The cultural landscape : 
245 3 |b an introduction to human geography 
245 0 |c James M. Rubenstein 
260 |a Harlow, England 
260 |b Pearson 
260 |c 2014 
650 |a Địa lý nhân văn 
910 |b vdbang 
980 |a Trung tâm Học liệu Trường Đại học Cần Thơ